[Event "Polofinále MÈR juniorù 2013"]
[Site "Havlíèkùv Brod - hotel Slunce"]
[Date "2013.11.20"]
[Round "5.1"]
[White "Petr, Jan"]
[Black "Macháò, Jan"]
[Result "1-0"]
[WhiteElo "2112"]
[BlackElo "2144"]
[PlyCount "63"]
[EventDate "2013.11.17"]

1. d4 Nf6 2. Bg5 Ne4 3. Bf4 c5 4. f3 Nf6 5. dxc5 Qa5+ 6. Nc3 Qxc5 7. e4 d6 8.
Qd2 Nc6 9. O-O-O Qa5 10. Bc4 Bd7 11. Nh3 h6 12. Rhe1 g5 13. Bg3 Ne5 14. Bxe5
Qxe5 15. Nf2 Bg7 16. Nd3 Qd4 17. Bb3 O-O 18. e5 dxe5 19. Nxe5 Qxd2+ 20. Rxd2
Bf5 21. Nxf7 Rxf7 22. Rxe7 Bg6 23. Rxb7 Kf8 24. Bxf7 Bxf7 25. Re2 Ne8 26. Ree7
Nd6 27. Rxa7 Rb8 28. Red7 Bd4 29. Rac7 Bb6 30. Rc6 Be3+ 31. Kb1 Bd4 32. Rdxd6
1-0

[Event "Polofinále MÈR juniorù 2013"]
[Site "Havlíèkùv Brod - hotel Slunce"]
[Date "2013.11.20"]
[Round "5.2"]
[White "Marek, Matyáš"]
[Black "Vykouk, Jan"]
[Result "1-0"]
[WhiteElo "2017"]
[BlackElo "2090"]
[PlyCount "47"]
[EventDate "2013.11.17"]

1. e4 c5 2. Nf3 e6 3. d4 cxd4 4. Nxd4 Nf6 5. Nc3 Qb6 6. Nb3 Bb4 7. Bd3 Bxc3+ 8.
bxc3 Qc6 9. O-O d6 10. Ba3 Nbd7 11. Nd4 Qb6 12. Rb1 Qa5 13. Bxd6 a6 14. c4 Nc5
15. Nb3 Nxb3 16. cxb3 Qxa2 17. e5 Ng8 18. Ra1 Qb2 19. Be4 f5 20. Bf3 Kf7 21.
Qd3 b5 22. Rfb1 Qxb1+ 23. Rxb1 g5 24. Bc5 1-0

[Event "Polofinále MÈR juniorù 2013"]
[Site "Havlíèkùv Brod - hotel Slunce"]
[Date "2013.11.20"]
[Round "5.3"]
[White "Rubeš, Jan"]
[Black "Kraus, Tomáš"]
[Result "1-0"]
[WhiteElo "2142"]
[BlackElo "2346"]
[PlyCount "105"]
[EventDate "2013.11.17"]

1. g3 d5 2. Bg2 Nf6 3. Nf3 g6 4. c4 Bg7 5. cxd5 Nxd5 6. Nc3 Nb6 7. d3 O-O 8.
O-O Nc6 9. Be3 e5 10. Qd2 Re8 11. Rfc1 Nd4 12. Ne4 c6 13. Nxd4 exd4 14. Bf4 Bg4
15. h3 Be6 16. Nc5 Qe7 17. Nxe6 Qxe6 18. Rc2 Nd5 19. a3 a5 20. Re1 b6 21. Bh6
Bh8 22. Qg5 Rad8 23. Qg4 f5 24. Qf3 c5 25. Bd2 Bg7 26. Kf1 h6 27. Rb1 Bf8 28.
g4 fxg4 29. Qxg4 Qf6 30. Be4 Kg7 31. Qf3 Qe6 32. b4 cxb4 33. axb4 Nxb4 34. Rc7+
Re7 35. Rbc1 g5 36. h4 g4 37. Qf4 Nd5 38. Bxd5 Qxd5 39. Rxe7+ Bxe7 40. Qxh6+
Kf7 41. Qh7+ Ke8 42. Qg6+ Qf7 43. Qxg4 a4 44. Bf4 a3 45. Bc7 Qd5 46. Bxd8 Qh1+
47. Qg1 Qxg1+ 48. Kxg1 Kxd8 49. Rb1 Kc7 50. h5 Bg5 51. Kf1 Kc6 52. Ra1 Be7 53.
h6 1-0

[Event "Polofinále MÈR juniorù 2013"]
[Site "Havlíèkùv Brod - hotel Slunce"]
[Date "2013.11.20"]
[Round "5.4"]
[White "Baláèek, Tadeáš"]
[Black "Dobeš, Vojtìch"]
[Result "1-0"]
[WhiteElo "2201"]
[BlackElo "2116"]
[PlyCount "57"]
[EventDate "2013.11.17"]

1. d4 Nf6 2. c4 e6 3. Nf3 d5 4. Nc3 Nbd7 5. Bf4 c6 6. e3 b6 7. Qa4 Bb7 8. cxd5
exd5 9. Bd3 Be7 10. h3 O-O 11. O-O Nh5 12. Bh2 f5 13. Rac1 g6 14. Nxd5 cxd5 15.
Rc7 Bc8 16. Qc6 f4 17. Rc1 Rb8 18. Qxd5+ Kh8 19. Rxa7 Ndf6 20. Qxd8 Bxd8 21.
exf4 Rb7 22. Ra8 Be6 23. Ba6 Rd7 24. Bb5 Bd5 25. Rb8 Rb7 26. Rxb7 Bxb7 27. Ng5
Be7 28. Rc7 Rc8 29. Rxb7 1-0

[Event "Polofinále MÈR juniorù 2013"]
[Site "Havlíèkùv Brod - hotel Slunce"]
[Date "2013.11.20"]
[Round "5.5"]
[White "Szotkowski, Jakub"]
[Black "Toman, Ondøej"]
[Result "1/2-1/2"]
[WhiteElo "2183"]
[BlackElo "2080"]
[PlyCount "62"]
[EventDate "2013.11.17"]

1. Nf3 Nf6 2. c4 c6 3. d4 d5 4. Nc3 e6 5. e3 Nbd7 6. Qc2 Bd6 7. b3 b6 8. Bd3
Bb7 9. O-O O-O 10. Bb2 Re8 11. Rad1 h6 12. Rfe1 Qc7 13. h3 a6 14. e4 dxe4 15.
Nxe4 Nxe4 16. Bxe4 Rad8 17. Ne5 Nxe5 18. dxe5 Be7 19. Bc1 c5 20. Bh7+ Kh8 21.
Bd3 Qc6 22. f3 Rd7 23. Qe2 Red8 24. Bb1 Bg5 25. Bxg5 hxg5 26. Kh2 g6 27. Kg3
Qc7 28. Rxd7 Qxd7 29. Be4 Qd4 30. Bxb7 Qf4+ 31. Kf2 Rd2 1/2-1/2

[Event "Polofinále MÈR juniorù 2013"]
[Site "Havlíèkùv Brod - hotel Slunce"]
[Date "2013.11.20"]
[Round "5.6"]
[White "Šlampa, Jan"]
[Black "Haman, Jakub"]
[Result "0-1"]
[WhiteElo "2097"]
[BlackElo "2182"]
[PlyCount "48"]
[EventDate "2013.11.17"]

1. g3 d5 2. Bg2 Nf6 3. c4 e6 4. Nf3 Be7 5. O-O O-O 6. d4 c6 7. Nc3 Nbd7 8. Qc2
dxc4 9. e4 b5 10. Bg5 h6 11. Bxf6 Nxf6 12. a4 b4 13. Ne2 Ba6 14. Ne5 c5 15. d5
exd5 16. exd5 Bd6 17. Nxc4 Re8 18. Rfe1 Ng4 19. Rad1 Qf6 20. Rf1 b3 21. Qxb3
Rxe2 22. Nxd6 Qxd6 23. Rc1 Re5 24. Rfd1 c4 0-1

[Event "Polofinále MÈR juniorù 2013"]
[Site "Havlíèkùv Brod - hotel Slunce"]
[Date "2013.11.20"]
[Round "5.7"]
[White "Nguyen, Thai Dai Van"]
[Black "Hrdina, Robin"]
[Result "1-0"]
[WhiteElo "2176"]
[BlackElo "2080"]
[PlyCount "93"]
[EventDate "2013.11.17"]

1. e4 d6 2. d4 Nf6 3. Nc3 g6 4. Nf3 Bg7 5. Be2 c6 6. a4 O-O 7. O-O Qc7 8. h3 e5
9. Re1 Nbd7 10. Bf1 a5 11. g3 Rd8 12. Kg2 Nf8 13. Be3 Ne6 14. Qd2 c5 15. d5 Nd4
16. Bxd4 cxd4 17. Nb5 Qb6 18. b4 Ne8 19. bxa5 Qxa5 20. Qxa5 Rxa5 21. Nd2 Bd7
22. Nc4 Ra6 23. Reb1 Rc8 24. Kg1 Rc5 25. Nba3 Bxa4 26. Nb6 Raa5 27. Nac4 Bxc2
28. Rxa5 Bxb1 29. Ra8 d3 30. Rxe8+ Bf8 31. Nd2 Rc1 32. Nd7 Rd1 33. Rxf8+ (33.
Nxf8 Kg7 34. Nxb1 Rxb1 35. Kg2 d2 36. Be2 d1=Q 37. Bxd1 Rxd1 38. Rd8 b5 39. Rb8
b4 40. Rxb4 f5 41. Rb6 fxe4 42. Rxd6) (33. Nf6+ Kg7 34. Nxb1 Rxb1 35. Kg2 d2
36. Be2 d1=Q 37. Bxd1 Rxd1 38. Rd8 b5) 33... Kg7 34. Nxb1 Rxb1 35. Kg2 d2 36.
Be2 d1=Q 37. Bxd1 Rxd1 38. Rd8 b5 39. Nb8 b4 40. Rxd6 f5 41. Rb6 fxe4 42. d6
Rd2 43. Kg1 (43. Kf1) 43... Kf7 44. d7 Ke7 45. Rb7 Rd6 46. Rxb4 Kd8 47. Rxe4
1-0

[Event "Polofinále MÈR juniorù 2013"]
[Site "Havlíèkùv Brod - hotel Slunce"]
[Date "2013.11.20"]
[Round "5.8"]
[White "Kalužný, Matyáš"]
[Black "Stárek, Stanislav"]
[Result "0-1"]
[WhiteElo "1985"]
[BlackElo "2135"]
[PlyCount "52"]
[EventDate "2013.11.17"]

1. d4 Nf6 2. c4 e6 3. Nc3 Bb4 4. f3 c5 5. d5 d6 6. e4 O-O 7. Bd3 b5 8. Bd2 exd5
9. cxd5 c4 10. Bc2 Bc5 11. Nge2 Qb6 12. Nf4 Nbd7 13. a4 b4 14. a5 Qc7 15. Nce2
Ne5 16. Ng3 Ba6 17. Nf5 Rfe8 18. Be3 b3 19. Bb1 Bb4+ 20. Kf2 c3 21. Qxb3 cxb2
22. Qxb2 Bc3 23. Qc2 g5 24. Ne2 Bxe2 25. Bxg5 Bd3 26. Qc1 Bxb1 0-1

[Event "Polofinále MÈR juniorù 2013"]
[Site "Havlíèkùv Brod - hotel Slunce"]
[Date "2013.11.20"]
[Round "5.9"]
[White "Rabatin, Jakub"]
[Black "Kozel, Jiøí"]
[Result "1/2-1/2"]
[WhiteElo "2243"]
[BlackElo "2014"]
[PlyCount "105"]
[EventDate "2013.11.17"]

1. d4 Nf6 2. c4 e6 3. Nf3 Bb4+ 4. Nbd2 O-O 5. g3 d5 6. Bg2 c6 7. Qb3 Bd6 8. O-O
Nbd7 9. Qc2 e5 10. cxd5 cxd5 11. dxe5 Nxe5 12. Nxe5 Bxe5 13. Nf3 Bd6 14. Be3
Bd7 15. Rac1 Re8 16. Nd4 Rxe3 17. fxe3 Qe7 18. Nf5 Bxf5 19. Qxf5 Re8 20. Bxd5
Be5 21. e4 g6 22. Qf3 Bxb2 23. Rb1 Bd4+ 24. e3 Bxe3+ 25. Kh1 Nxd5 26. exd5 Bb6
27. d6 Qd7 28. Qd5 Re5 29. Qf3 Re3 30. Qg2 Rd3 31. Rbd1 Qxd6 32. Rxd3 Qxd3 33.
Qf3 Qc4 34. a3 Bc5 35. Rd1 b6 36. Qd3 (36. Rd3 Qa4 37. Qb7) 36... Qa4 37. Qf3
Qxa3 38. Qxa3 Bxa3 39. Ra1 Bc5 40. Rxa7 Kg7 41. Kg2 h5 42. Kf3 Kf6 43. Ke4 Ke6
44. Rc7 Bg1 45. h3 Bf2 46. g4 hxg4 47. hxg4 Kf6 48. Kf4 Ke6 49. Rc6+ Kd7 50.
Rc2 Bc5 51. Ke5 Ke7 52. Rc3 f5 53. gxf5 1/2-1/2

[Event "Polofinále MÈR juniorù 2013"]
[Site "Havlíèkùv Brod - hotel Slunce"]
[Date "2013.11.20"]
[Round "5.10"]
[White "Èáp, Adam"]
[Black "Stachoò, Martin"]
[Result "1/2-1/2"]
[WhiteElo "2075"]
[BlackElo "2113"]
[PlyCount "67"]
[EventDate "2013.11.17"]

1. e4 c5 2. Nf3 e6 3. d4 cxd4 4. Nxd4 Nc6 5. Nc3 Qc7 6. g3 a6 7. Bg2 Nf6 8. a4
Be7 9. O-O O-O 10. b3 Rb8 11. Bb2 d6 12. Qd2 Bd7 13. Rfd1 Nxd4 14. Qxd4 Bc6 15.
Ne2 Rbd8 16. c4 b6 17. Qe3 Qb7 18. Bxf6 Bxf6 19. Nd4 Bxd4 20. Rxd4 Rd7 21. b4
Qc7 22. Qd2 a5 23. b5 Bb7 24. e5 Bxg2 25. Kxg2 Rfd8 26. Rd1 d5 27. Qe3 Kf8 28.
cxd5 Rxd5 29. Rxd5 Rxd5 30. Rxd5 exd5 31. Qd4 Qd8 32. Kf3 f6 33. exf6 gxf6 34.
Ke3 1/2-1/2

[Event "Polofinále MÈR juniorù 2013"]
[Site "Havlíèkùv Brod - hotel Slunce"]
[Date "2013.11.20"]
[Round "5.11"]
[White "Pùlpán, Jakub"]
[Black "Chmel, Kristián"]
[Result "0-1"]
[WhiteElo "2089"]
[BlackElo "2002"]
[PlyCount "80"]
[EventDate "2013.11.17"]

1. e4 c5 2. Nf3 d6 3. d4 cxd4 4. Nxd4 Nf6 5. Nc3 a6 6. Bg5 Nbd7 7. f4 Qc7 8.
Qf3 h6 9. Bxf6 Nxf6 10. f5 Qc5 11. O-O-O g5 12. e5 Qxe5 13. g3 Bg7 14. Bg2 Qc5
15. Rhe1 Qc7 16. Re2 O-O 17. Rde1 Re8 18. h4 g4 19. Qf4 h5 20. Kb1 Kh7 21. Nd5
Nxd5 22. Bxd5 Qc5 23. Bxf7 Qxd4 24. Qxd4 Bxd4 25. Bxe8 Be5 26. Rxe5 dxe5 27.
Rxe5 Kg7 28. Rxe7+ Kf8 29. f6 Bf5 30. Bd7 Rd8 31. Kc1 Rxd7 32. Re5 Bg6 33. Re3
Kf7 34. c4 Kxf6 35. Rb3 Bf7 36. Rb6+ Ke5 37. c5 Kd4 38. c6 Rc7 39. Rxb7 Rxb7
40. cxb7 Bxa2 0-1

[Event "Polofinále MÈR juniorù 2013"]
[Site "Havlíèkùv Brod - hotel Slunce"]
[Date "2013.11.20"]
[Round "5.12"]
[White "Skalický, Tomáš"]
[Black "Walek, Petr"]
[Result "1/2-1/2"]
[WhiteElo "1989"]
[BlackElo "2099"]
[PlyCount "72"]
[EventDate "2013.11.17"]

1. d4 Nf6 2. c4 g6 3. Nc3 Bg7 4. Nf3 O-O 5. g3 d6 6. Bg2 Nbd7 7. O-O e5 8. e4
exd4 9. Nxd4 a6 10. h3 Rb8 11. a4 a5 12. Be3 Re8 13. Re1 Nc5 14. f3 Nfd7 15. b3
Ne5 16. Rb1 f5 17. Qd2 Ned3 18. Red1 f4 19. gxf4 Qh4 20. Nd5 c6 21. b4 axb4 22.
Nxb4 Nxb4 23. Rxb4 Bxh3 24. Bxh3 Qxh3 25. Qh2 Qxh2+ 26. Kxh2 Nxe4 27. fxe4 c5
28. Rb6 cxd4 29. Bxd4 Bh6 30. f5 Rxe4 31. fxg6 hxg6 32. c5 Bf4+ 33. Kg2 dxc5
34. Bxc5 Rxa4 35. Rxg6+ Kf7 36. Rb6 Rg8+ 1/2-1/2

[Event "Polofinále MÈR juniorù 2013"]
[Site "Havlíèkùv Brod - hotel Slunce"]
[Date "2013.11.20"]
[Round "5.13"]
[White "Chromík, Tomáš"]
[Black "Seidl, Štìpán"]
[Result "0-1"]
[WhiteElo "1940"]
[BlackElo "2212"]
[PlyCount "54"]
[EventDate "2013.11.17"]

1. d4 Nf6 2. c4 g6 3. Nf3 Bg7 4. g3 c6 5. Bg2 O-O 6. O-O d5 7. Nc3 dxc4 8. Ne5
Ng4 9. Nf3 e5 10. dxe5 Nxe5 11. Qc2 Bf5 12. e4 Nxf3+ 13. Bxf3 Be6 14. Bf4 Nd7
15. Bd6 Ne5 16. Bxe5 Bxe5 17. Rad1 Qa5 18. Bg2 f5 19. f4 Bxc3 20. bxc3 fxe4 21.
Bxe4 Qc5+ 22. Rd4 Rad8 23. Bxg6 Rxd4 24. Bxh7+ Kh8 25. cxd4 Qxd4+ 26. Rf2 Bh3
27. Bg6 Re8 0-1

[Event "Polofinále MÈR juniorù 2013"]
[Site "Havlíèkùv Brod - hotel Slunce"]
[Date "2013.11.20"]
[Round "5.14"]
[White "Wagner, Vojtìch"]
[Black "Kožúšek, Daniel"]
[Result "0-1"]
[WhiteElo "1887"]
[BlackElo "2085"]
[PlyCount "118"]
[EventDate "2013.11.17"]

1. Nf3 c5 2. g3 Nf6 3. Bg2 d5 4. O-O g6 5. d3 Bg7 6. Nbd2 Nc6 7. e4 O-O 8. c3
Qc7 9. Re1 Rd8 10. e5 Ng4 11. d4 cxd4 12. cxd4 Nb4 13. Re2 Bf5 14. h3 Nh6 15.
Re3 Qc2 16. Qe1 Rac8 17. Nb3 a5 18. Rc3 Rxc3 19. bxc3 Nd3 20. Qd2 Qxd2 21. Bxd2
b6 22. Ne1 Nb2 23. g4 Bc8 24. Bf1 a4 25. Nc1 f5 26. g5 Nf7 27. Rb1 Nc4 28. Bxc4
dxc4 29. Rxb6 Nxe5 30. Bf4 Nf7 31. Ne2 e5 32. dxe5 Bxe5 33. Bxe5 Nxe5 34. Nd4
Bd7 35. a3 f4 36. h4 Bg4 37. f3 Bf5 38. Ng2 Nd3 39. Nxf5 gxf5 40. Ra6 Rb8 41.
Rxa4 Rb1+ 42. Kh2 Rb2 43. Kg1 Ne5 44. Nxf4 Nxf3+ 45. Kf1 Rc2 46. Nd5 Kf7 47.
Ne3 Rxc3 48. Nxc4 Rxc4 49. Rxc4 Nd2+ 50. Kf2 Nxc4 51. a4 Ke6 52. Kf3 Ke5 53. h5
Nd2+ 54. Kg3 f4+ 55. Kg4 f3 56. Kg3 Ke4 57. g6 hxg6 58. hxg6 Ke3 59. g7 Ne4+
0-1

[Event "Polofinále MÈR juniorù 2013"]
[Site "Havlíèkùv Brod - hotel Slunce"]
[Date "2013.11.20"]
[Round "5.15"]
[White "Kratochvíl, Vít"]
[Black "Stanèík, Jakub"]
[Result "1-0"]
[WhiteElo "2040"]
[BlackElo "1849"]
[PlyCount "177"]
[EventDate "2013.11.17"]

1. e4 c5 2. Nf3 d6 3. d4 cxd4 4. Nxd4 Nf6 5. f3 e5 6. Nb3 a6 7. c4 Be7 8. Be3
O-O 9. Nc3 Qc7 10. Rc1 Qd8 11. Be2 Be6 12. O-O Nbd7 13. Qd2 Ne8 14. Rfd1 f5 15.
exf5 Rxf5 16. Bd3 Rf8 17. Be4 Rb8 18. Bd5 Bf7 19. Bxf7+ Rxf7 20. Nd5 Bf8 21.
Na5 Nef6 22. b4 Nxd5 23. Qxd5 Nf6 24. Qd3 Qd7 25. Nb3 Qe6 26. Nd2 d5 27. cxd5
Qxd5 28. Qb1 Qb5 29. a3 Rd7 30. Ne4 Nxe4 31. Qxe4 Rbd8 32. Rxd7 Rxd7 33. Bf2
Qd5 34. Qf5 Rf7 35. Qc2 Rd7 36. Re1 h6 37. Qf5 Qd3 38. Qe6+ Kh8 39. Qe8 Rd8 40.
Qxe5 Bd6 41. Qa5 Bf4 42. Qb6 Rd7 43. Qc5 Bd6 44. Qc1 a5 45. Qb2 axb4 46. axb4
Qc4 47. Qb1 Be7 48. b5 Qf7 49. Qc2 Bb4 50. Ra1 Be7 51. Re1 Rd8 52. Ra1 Bd6 53.
Qa4 Be5 54. Rd1 Rxd1+ 55. Qxd1 Qf4 56. g3 Qc4 57. Qf1 Qb3 58. Qe2 Qd5 59. Kg2
Kg8 60. b6 Kh8 61. Qc2 Qd7 62. Qc4 Bf6 63. Qf4 Kg8 64. Qb8+ Kh7 65. Qc7 Qd5 66.
Qc2+ Kh8 67. Qe4 Qd7 68. f4 Kg8 69. h3 Kh8 70. g4 Kg8 71. Be3 Kh8 72. g5 hxg5
73. fxg5 Bd8 74. h4 Qf7 75. Qd4 Qe7 76. h5 Kg8 77. Kg3 Kh7 78. Bf4 Kg8 79. Be3
Kh7 80. Qf4 Kg8 81. h6 g6 82. Qc4+ Kh7 83. Qd4 Kg8 84. Kf2 Qf7+ 85. Ke1 Qe7 86.
Kd1 Kh7 87. Qd5 Kh8 88. Bd4+ Kh7 89. Bf6 1-0

[Event "Polofinále MÈR juniorù 2013"]
[Site "Havlíèkùv Brod - hotel Slunce"]
[Date "2013.11.20"]
[Round "5.16"]
[White "Øíha, Jaroslav"]
[Black "Hájek, Oskar"]
[Result "1/2-1/2"]
[WhiteElo "2028"]
[BlackElo "1920"]
[PlyCount "58"]
[EventDate "2013.11.17"]

1. c4 c6 2. g3 d5 3. Qc2 dxc4 4. Qxc4 Qd5 5. Qxd5 cxd5 6. Nc3 Nf6 7. Bg2 e6 8.
Nf3 Be7 9. O-O O-O 10. b3 Nc6 11. Bb2 b6 12. d3 Bb7 13. Nb5 a6 14. Nbd4 Rac8
15. Rac1 Nxd4 16. Bxd4 Nd7 17. Ne5 Nxe5 18. Bxe5 f6 19. Bd4 b5 20. Bb2 Kf7 21.
d4 a5 22. e3 b4 23. Rfd1 Ba6 24. Bf1 Bxf1 25. Kxf1 f5 26. h4 g6 27. Rxc8 Rxc8
28. Rc1 Rxc1+ 29. Bxc1 Kg7 1/2-1/2

[Event "Polofinále MÈR juniorù 2013"]
[Site "Havlíèkùv Brod - hotel Slunce"]
[Date "2013.11.20"]
[Round "5.17"]
[White "Skoøepa, Jakub"]
[Black "Ptáèek, Tomáš"]
[Result "1/2-1/2"]
[WhiteElo "1804"]
[BlackElo "2024"]
[PlyCount "39"]
[EventDate "2013.11.17"]

1. e4 e6 2. d4 d5 3. Nd2 c5 4. Ngf3 Nc6 5. exd5 exd5 6. Bb5 Qe7+ 7. Qe2 Qxe2+
8. Kxe2 Bg4 9. h3 Bd7 10. dxc5 Bxc5 11. Nb3 Bb6 12. c3 Nf6 13. Rd1 h6 14. Be3
Bxe3 15. Kxe3 O-O-O 16. Ke2 Ne7 17. Bxd7+ Rxd7 18. Nbd4 Nc6 19. Kf1 Kc7 20. Re1
1/2-1/2

[Event "Polofinále MÈR juniorù 2013"]
[Site "Havlíèkùv Brod - hotel Slunce"]
[Date "2013.11.20"]
[Round "5.18"]
[White "Alfimov, Igor"]
[Black "Tùma, Jan"]
[Result "0-1"]
[WhiteElo "2008"]
[BlackElo "1817"]
[PlyCount "80"]
[EventDate "2013.11.17"]

1. d4 b5 2. e4 Bb7 3. Nd2 Nf6 4. Bd3 g6 5. Ngf3 a6 6. O-O Bg7 7. c3 O-O 8. Re1
e6 9. Nf1 Nc6 10. Bg5 h6 11. Bh4 Ne7 12. a4 Rb8 13. Qd2 g5 14. Bg3 Nh5 15. h3
f5 16. Bh2 fxe4 17. Bxe4 Bxe4 18. Rxe4 Ng6 19. Ne5 Ngf4 20. Nd3 Qf6 21. Nc5 Rf7
22. Nxa6 Rbf8 23. axb5 Nxg2 24. Rg4 Nh4 25. Qe2 Nf3+ 26. Kh1 Nxh2 27. Kxh2 Qg6
28. Kg1 Rxf2 29. Qxf2 Rxf2 30. Kxf2 Qc2+ 31. Kf3 Qxb2 32. Re1 Qxc3+ 33. Re3 Qc4
34. Nd2 Qxb5 35. Nc5 Nf6 36. Rg3 Ne8 37. Ncb3 Nd6 38. Rc3 Qd5+ 39. Ke2 Nf5 40.
Rc5 Nxg3+ 0-1

[Event "Polofinále MÈR juniorù 2013"]
[Site "Havlíèkùv Brod - hotel Slunce"]
[Date "2013.11.20"]
[Round "5.19"]
[White "Melichar, Vojtìch"]
[Black "Horák, Aleš"]
[Result "1/2-1/2"]
[WhiteElo "1939"]
[BlackElo "1988"]
[PlyCount "45"]
[EventDate "2013.11.17"]

1. e4 e5 2. Nf3 Nc6 3. Bc4 Be7 4. O-O d6 5. c3 Nf6 6. Re1 h6 7. d3 O-O 8. Nbd2
Kh7 9. Bb3 Ne8 10. d4 g6 11. Nf1 Bf6 12. Be3 Bg7 13. dxe5 dxe5 14. Bc5 Nd6 15.
Bxd6 cxd6 16. Qd2 Qc7 17. Rad1 Rd8 18. Qd3 h5 19. Bd5 Re8 20. N1d2 a6 21. Rc1
Be6 22. b3 Rec8 23. c4 1/2-1/2

[Event "Polofinále MÈR juniorù 2013"]
[Site "Havlíèkùv Brod - hotel Slunce"]
[Date "2013.11.20"]
[Round "5.20"]
[White "Kamarád, František"]
[Black "Braun, Marek"]
[Result "0-1"]
[WhiteElo "1713"]
[BlackElo "2229"]
[PlyCount "30"]
[EventDate "2013.11.17"]

1. c4 c5 2. Nf3 e6 3. d3 Nc6 4. g3 d5 5. Nbd2 Nf6 6. Bg2 Be7 7. O-O Qc7 8. Re1
b6 9. Qc2 Bb7 10. Nf1 d4 11. e3 e5 12. Nh4 g6 13. f4 Nd7 14. Nf3 O-O-O 15. fxe5
Ndxe5 0-1

[Event "Polofinále MÈR juniorù 2013"]
[Site "Havlíèkùv Brod - hotel Slunce"]
[Date "2013.11.20"]
[Round "5.21"]
[White "Hánl, František"]
[Black "Skoøepa, Tomáš"]
[Result "1/2-1/2"]
[WhiteElo "1969"]
[BlackElo "1766"]
[PlyCount "62"]
[EventDate "2013.11.17"]

1. e4 c5 2. Nf3 e6 3. d4 cxd4 4. Nxd4 a6 5. Bd3 Nf6 6. f4 d6 7. Be3 Nbd7 8. Nc3
Qc7 9. Qf3 b5 10. g4 b4 11. Nce2 Nc5 12. Ng3 Bb7 13. g5 Nfd7 14. O-O Be7 15.
Qh5 g6 16. Qh6 Bf8 17. Qh3 Bg7 18. f5 exf5 19. exf5 Ne5 20. f6 Bf8 21. Be2 Qd7
22. Qxd7+ Kxd7 23. Bf4 Re8 24. Nf3 Nxf3+ 25. Bxf3 Bxf3 26. Rxf3 d5 27. a3 bxa3
28. b4 Ne4 29. Rfxa3 Bxb4 30. Rxa6 Bc5+ 31. Kg2 Nc3 1/2-1/2

[Event "Polofinále MÈR juniorù 2013"]
[Site "Havlíèkùv Brod - hotel Slunce"]
[Date "2013.11.20"]
[Round "5.22"]
[White "Liška, Jiøí"]
[Black "Sucharda, David"]
[Result "1-0"]
[WhiteElo "1865"]
[BlackElo "1712"]
[PlyCount "77"]
[EventDate "2013.11.17"]

1. Nf3 Nf6 2. g3 g6 3. Bg2 Bg7 4. O-O O-O 5. d4 d5 6. c4 c6 7. Nc3 e6 8. Qb3
dxc4 9. Qxc4 Nbd7 10. e4 Qb6 11. Rd1 c5 12. d5 e5 13. Qe2 a6 14. b3 Ne8 15. Bb2
Nd6 16. Rac1 Qa7 17. a4 b6 18. Nd2 Kh8 19. Nc4 Qc7 20. Nb1 Rb8 21. Bc3 Re8 22.
Qb2 f6 23. Nbd2 Bh6 24. f4 b5 25. fxe5 Nxc4 26. Nxc4 Bxc1 27. Rxc1 bxc4 28.
exf6 Kg8 29. Rf1 Kf7 30. Qd2 Rg8 31. d6 Qb6 32. Qd5+ Kf8 33. f7 Rg7 34. Bxg7+
Kxg7 35. f8=Q+ Nxf8 36. Qf7+ Kh6 37. Qf4+ g5 38. Qxf8+ Kh5 39. Qf7+ 1-0

[Event "Polofinále MÈR juniorù 2013"]
[Site "Havlíèkùv Brod - hotel Slunce"]
[Date "2013.11.20"]
[Round "5.23"]
[White "Liduch, Filip"]
[Black "Nosek, Jan"]
[Result "1-0"]
[WhiteElo "1856"]
[BlackElo "1717"]
[PlyCount "65"]
[EventDate "2013.11.17"]

1. e4 c5 2. Nf3 d6 3. d4 cxd4 4. Nxd4 Nf6 5. Nc3 Nc6 6. Be2 e5 7. Nb3 Be7 8.
O-O Be6 9. Be3 a5 10. a4 O-O 11. f4 Nb4 12. Kh1 Rc8 13. f5 Bxb3 14. cxb3 d5 15.
exd5 Nfxd5 16. Bd2 Qb6 17. Bc4 Rcd8 18. Qg4 Nf6 19. Qe2 Bc5 20. Rad1 Bd4 21. h3
Nbd5 22. Nxd5 Nxd5 23. Bxd5 Rxd5 24. f6 Rd6 25. fxg7 Kxg7 26. Bc3 Bxc3 27. bxc3
Rxd1 28. Qxe5+ f6 29. Qg3+ Kf7 30. Rxd1 Qxb3 31. Rd7+ Ke8 32. Qd6 Qb1+ 33. Kh2
1-0

[Event "Polofinále MÈR juniorù 2013"]
[Site "Havlíèkùv Brod - hotel Slunce"]
[Date "2013.11.20"]
[Round "5.24"]
[White "Navrátil, Marek"]
[Black "Daòhel, Lukáš"]
[Result "1-0"]
[WhiteElo "1843"]
[BlackElo "1670"]
[PlyCount "97"]
[EventDate "2013.11.17"]

1. e4 c5 2. Nf3 Nc6 3. d4 cxd4 4. Nxd4 g6 5. c4 Bg7 6. Be3 Nf6 7. Nc3 O-O 8.
Be2 d6 9. O-O Bd7 10. Qd2 Nxd4 11. Bxd4 Bc6 12. f3 Qa5 13. Be3 Rfc8 14. a3 Qd8
15. b4 a6 16. Rac1 Qe8 17. Nd5 Bxd5 18. cxd5 b5 19. Rfd1 Nd7 20. f4 h5 21. Bf3
Qd8 22. Rc6 Rxc6 23. dxc6 Nb6 24. Bd4 Nc4 25. Qc3 Bxd4+ 26. Qxd4 Qb6 27. e5
Qxd4+ 28. Rxd4 Rc8 29. exd6 Nxd6 30. Kf2 Kf8 31. Rd3 Ke8 32. a4 f5 33. Ke3 Nc4+
34. Ke2 e5 35. fxe5 Ke7 36. axb5 axb5 37. Rd7+ Ke6 38. Bd5+ Kxe5 39. Bxc4 bxc4
40. b5 Ke6 41. Kd2 Rb8 42. Rb7 Rc8 43. c7 Kd7 44. b6 f4 45. Kc3 g5 46. Kxc4 g4
47. Kd4 Re8 48. Rb8 f3 49. gxf3 1-0

[Event "Polofinále MÈR juniorù 2013"]
[Site "Havlíèkùv Brod - hotel Slunce"]
[Date "2013.11.20"]
[Round "5.25"]
[White "Babièka, Michal"]
[Black "Havelka, Jan"]
[Result "1/2-1/2"]
[WhiteElo "1752"]
[BlackElo "1835"]
[PlyCount "57"]
[EventDate "2013.11.17"]

1. c4 e5 2. b3 Nc6 3. Bb2 f5 4. e3 Nf6 5. Nf3 e4 6. Nd4 Nxd4 7. Bxd4 c6 8. Be2
d5 9. O-O Be6 10. d3 dxc4 11. dxe4 fxe4 12. Bxc4 Bxc4 13. bxc4 Be7 14. Nc3 O-O
15. c5 Rf7 16. Qb1 Qf8 17. Nxe4 Nxe4 18. Qxe4 Bxc5 19. Bxc5 Qxc5 20. Rfd1 Qe7
21. Qc4 Qf6 22. f3 Qe7 23. Kf2 Rd8 24. Rab1 Rxd1 25. Rxd1 h6 26. Rd4 Kh8 27.
Re4 Qd7 28. Rd4 Qe7 29. Re4 1/2-1/2

[Event "Polofinále MÈR juniorù 2013"]
[Site "Havlíèkùv Brod - hotel Slunce"]
[Date "2013.11.20"]
[Round "5.26"]
[White "Kopøiva, Martin"]
[Black "Šolc, Filip"]
[Result "1-0"]
[WhiteElo "1832"]
[BlackElo "1676"]
[PlyCount "37"]
[EventDate "2013.11.17"]

1. e4 e5 2. Nf3 Nc6 3. Nc3 Nf6 4. Bb5 Nd4 5. Nxd4 exd4 6. Ne2 Nxe4 7. O-O Bc5
8. b4 Bb6 9. Bb2 Qg5 10. Bd3 d5 11. Ng3 Nxg3 12. fxg3 O-O 13. Qe1 Be6 14. Qf2
a5 15. b5 c6 16. bxc6 bxc6 17. Bxd4 Bxd4 18. Qxd4 Qxd2 19. Bxh7+ 1-0

[Event "Polofinále MÈR juniorù 2013"]
[Site "Havlíèkùv Brod - hotel Slunce"]
[Date "2013.11.20"]
[Round "5.27"]
[White "Èermák, Jan"]
[Black "Strnad, Jakub"]
[Result "1-0"]
[WhiteElo "1685"]
[BlackElo "1772"]
[PlyCount "97"]
[EventDate "2013.11.17"]

1. e4 e5 2. Nc3 Nc6 3. g3 Bc5 4. Bg2 d6 5. Nge2 Nf6 6. d3 h6 7. a3 Be6 8. Na4
Bb6 9. Nxb6 axb6 10. f4 g6 11. O-O exf4 12. Nxf4 Bg4 13. Bf3 Bxf3 14. Qxf3 Ne5
15. Qf2 Qe7 16. Nxg6 Nxg6 17. Qxf6 Qxf6 18. Rxf6 Ke7 19. Rf2 Rag8 20. b3 Ne5
21. Bb2 h5 22. Rf5 Ke6 23. d4 Ng4 24. d5+ Ke7 25. Bxh8 Rxh8 26. Rf3 Ne5 27. Re3
Ng4 28. Re2 h4 29. h3 Ne5 30. g4 Nf3+ 31. Kf2 Ng5 32. Kg2 Kf6 33. Rf1+ Kg6 34.
e5 Re8 35. Rfe1 Rd8 36. exd6 Rxd6 37. c4 c6 38. Rd1 cxd5 39. Rxd5 Rf6 40. Re3
Ne6 41. Rf5 Rxf5 42. gxf5+ Kxf5 43. b4 f6 44. a4 Nf4+ 45. Kf3 Ne6 46. a5 bxa5
47. bxa5 Nf4 48. c5 Nd5 49. Rb3 1-0

[Event "Polofinále MÈR juniorù 2013"]
[Site "Havlíèkùv Brod - hotel Slunce"]
[Date "2013.11.20"]
[Round "5.28"]
[White "Oèko, Dominik"]
[Black "Stuchlý, Ondøej"]
[Result "1/2-1/2"]
[WhiteElo "1493"]
[BlackElo "1803"]
[PlyCount "33"]
[EventDate "2013.11.17"]

1. e4 e6 2. d4 d5 3. Nc3 Bb4 4. exd5 exd5 5. Bd3 Nf6 6. Bg5 O-O 7. Nge2 c5 8.
dxc5 Bxc5 9. O-O Be6 10. Nf4 d4 11. Ncd5 Bxd5 12. Bxf6 Qxf6 13. Nxd5 Qd6 14.
Qh5 g6 15. Qf3 Nd7 16. Rfe1 Rfe8 17. Bb5 1/2-1/2